<The> Programmer's Guide to DB2

Gespeichert in:
Bibliographische Detailangaben
1. Verfasser: Byall, Paul H.
Format: Buch
Sprache:Englisch
Veröffentlicht: New York Wiley and Sons 1991
Ausgabe:1. ed.
Tags: Tag hinzufügen
Keine Tags, Fügen Sie das erste Tag hinzu!

MARC

LEADER 00000nam a2200000 4500
001 c028426
005 20250609140709.6
041 0 |a eng 
044 |a US 
245 1 0 |a <The> Programmer's Guide to DB2  |c Paul H. Byall 
250 |a 1. ed. 
264 1 |a New York  |b Wiley and Sons  |c 1991 
300 |a 243 s. 
100 1 |a Byall, Paul H.